[Event "26th EUR-ch"]
[Site "Katowice POL"]
[Date "2026.04.15"]
[Round "8.203"]
[White "Chmiel, Pawel"]
[Black "Madrawski, Krzysztof"]
[Result "1/2-1/2"]
[WhiteElo "1949"]
[BlackElo "2132"]
[EventDate "2026.04.07"]
[PlyCount "59"]

1.e3 Nf6 2.b3 d5 3.Bb2 Bf5 4.Nf3 e6 5.Nc3 Nbd7 6.h3 h6 7.a3 c5 8.d4 Rc8 9.
Bd3 Bxd3 10.cxd3 cxd4 11.Nxd4 e5 12.Nde2 Bd6 13.O-O O-O 14.b4 Qe7 15.Qb3 
Nb6 16.Rac1 e4 17.dxe4 dxe4 18.Rfd1 a6 19.Na4 Nxa4 20.Qxa4 Be5 21.Bxe5 
Qxe5 22.Nd4 g5 23.g3 Kh7 24.Kg2 Kg6 25.b5 axb5 26.Qxb5 Qxb5 27.Nxb5 Rc6 
28.Nd6 Ra8 29.Rb1 Raa6 30.Nxb7 1/2-1/2

[Event "26th EUR-ch"]
[Site "Katowice POL"]
[Date "2026.04.15"]
[Round "8.204"]
[White "Tudoroiu, Razvan-Catalin"]
[Black "Smolin, Sergey"]
[Result "1/2-1/2"]
[WhiteElo "2121"]
[BlackElo "1962"]
[EventDate "2026.04.07"]
[PlyCount "98"]

1.d4 Nf6 2.c4 c5 3.d5 b5 4.cxb5 a6 5.bxa6 Bxa6 6.Nc3 d6 7.e4 Bxf1 8.Kxf1 
g6 9.g3 Bg7 10.Kg2 O-O 11.Nf3 Nbd7 12.a4 Qa5 13.Re1 Rfb8 14.Ra3 Ng4 15.Qe2
Nge5 16.Nxe5 Nxe5 17.f4 Nd7 18.Qc2 Qb4 19.Re2 Nb6 20.Na2 Qc4 21.b3 Qxc2 
22.Rxc2 f5 23.a5 Nd7 24.exf5 gxf5 25.Bd2 Nf6 26.Nc3 Ra6 27.Kf3 Rb4 28.Nd1 
Rb5 29.Ne3 Kf7 30.h3 e6 31.dxe6+ Kxe6 32.g4 fxg4+ 33.hxg4 d5 34.Be1 Ne4 
35.Re2 Bc3 36.Nxd5 Kxd5 37.Rxe4 Bxe1 38.Rxe1 Raxa5 39.Rxa5 Rxa5 40.g5 Ra3 
41.Re3 Kd4 42.f5 c4 43.f6 cxb3 44.f7 b2 45.f8=Q Rxe3+ 46.Kf2 b1=Q 47.Qd6+ 
Ke4 48.Qe6+ Kf4 49.Qxe3+ Kf5 1/2-1/2

[Event "26th EUR-ch"]
[Site "Katowice POL"]
[Date "2026.04.15"]
[Round "8.205"]
[White "Lorenz, Roger"]
[Black "Wasiluk, Mateusz"]
[Result "1/2-1/2"]
[WhiteElo "2118"]
[BlackElo "1934"]
[EventDate "2026.04.07"]
[PlyCount "99"]

1.d4 Nf6 2.c4 e6 3.Nf3 b6 4.g3 Ba6 5.b3 Bb4+ 6.Bd2 Be7 7.Bg2 c6 8.O-O d5 
9.Bc3 O-O 10.Ne5 Nfd7 11.Nd3 dxc4 12.Nb4 Bb7 13.bxc4 Qc8 14.Nd3 b5 15.c5 
e5 16.e3 exd4 17.exd4 Nf6 18.Re1 Bd8 19.Qb3 Nd5 20.Bd2 Na6 21.Nc3 Nac7 22.
Nf4 Nxc3 23.Bxc3 Bg5 24.Bd2 Qd7 25.Be3 Rfe8 26.Rad1 Bxf4 27.Bxf4 Nd5 28.
Bd6 Rxe1+ 29.Rxe1 Re8 30.Re5 f6 31.Rxe8+ Qxe8 32.Bf3 Qe6 33.h4 Bc8 34.Kh2 
Qh3+ 35.Kg1 Qe6 36.Qd3 g6 37.h5 Kg7 38.hxg6 hxg6 39.Be4 Qf7 40.a3 Be6 41.
Qd2 Qd7 42.Qa5 Bh3 43.f3 Be6 44.Kf2 Bf7 45.g4 Be6 46.Qd2 Qd8 47.Qe1 g5 48.
Bd3 Bf7 49.Be4 a5 50.Kg2 1/2-1/2

[Event "26th EUR-ch"]
[Site "Katowice POL"]
[Date "2026.04.15"]
[Round "8.206"]
[White "Tyshniuk, Roman"]
[Black "Hury, Tymoteusz"]
[Result "1-0"]
[WhiteElo "1931"]
[BlackElo "2115"]
[EventDate "2026.04.07"]
[PlyCount "101"]

1.d4 Nf6 2.c4 e6 3.Nf3 d5 4.Nc3 Be7 5.Bf4 O-O 6.e3 c5 7.dxc5 Bxc5 8.a3 Nc6
9.Be2 Re8 10.b4 Bf8 11.cxd5 exd5 12.Nb5 Nh5 13.Bg5 Be7 14.Bxe7 Qxe7 15.
Nfd4 Nf6 16.Rc1 a5 17.O-O axb4 18.axb4 Rd8 19.Rxc6 bxc6 20.Nxc6 Qd7 21.
Nxd8 Qxd8 22.Nd4 Qd6 23.Qb3 h5 24.b5 Rb8 25.Rc1 Bg4 26.Rc6 Qe5 27.h3 Bd7 
28.Ra6 Ne4 29.Qa3 Bxh3 30.f4 Qc7 31.gxh3 Qd8 32.Nf3 Qc8 33.Kg2 Qc2 34.Qa2 
Qc5 35.Ra8 Rxa8 36.Qxa8+ Kh7 37.Bd3 Qxe3 38.Ng5+ Kh6 39.Qh8+ Kg6 40.Qh7+ 
Kf6 41.Nxe4+ dxe4 42.Qxe4 Qd2+ 43.Qe2 Qxf4 44.Qf3 Qxf3+ 45.Kxf3 Ke5 46.Bc4
f6 47.Bf7 h4 48.Kg4 g5 49.b6 Kd6 50.b7 Kc7 51.Bd5 1-0

[Event "26th EUR-ch"]
[Site "Katowice POL"]
[Date "2026.04.15"]
[Round "8.207"]
[White "Zielinski, Marcin"]
[Black "Podgorski, Maciej"]
[Result "0-1"]
[WhiteElo "1785"]
[BlackElo "2112"]
[EventDate "2026.04.07"]
[PlyCount "100"]

1.d4 Nf6 2.c4 e6 3.Nc3 Bb4 4.Bf4 d6 5.Qa4+ Nc6 6.a3 Bxc3+ 7.bxc3 O-O 8.e3 
h6 9.h3 e5 10.Bh2 Re8 11.Nf3 Ne4 12.Qc2 Bf5 13.Bd3 exd4 14.cxd4 Qf6 15.O-O
Re7 16.d5 Nb8 17.Nd4 Bg6 18.f3 Nc5 19.Bxg6 fxg6 20.Rae1 Nbd7 21.Nb5 Nb6 
22.Kh1 Rae8 23.Bg1 c6 24.dxc6 bxc6 25.Nd4 Rc8 26.e4 Qf7 27.Rc1 Ncd7 28.Nb3
d5 29.exd5 cxd5 30.c5 Nc4 31.a4 Rce8 32.Qc3 Nf6 33.Nd4 Nh5 34.Bh2 Re3 35.
Qb4 Nf4 36.Bxf4 Qxf4 37.Rfd1 Qg3 38.c6 Kh7 39.Rg1 R3e5 40.c7 Rh5 41.Rc2 
Qxc7 42.Qb5 Re7 43.Qc6 Qf4 44.Qc5 Qf6 45.Nb5 Ne3 46.Rf2 Nf5 47.Kh2 Qg5 48.
f4 Qg3+ 49.Kh1 Ne3 50.Qxe7 Ng4 0-1

[Event "26th EUR-ch"]
[Site "Katowice POL"]
[Date "2026.04.15"]
[Round "8.208"]
[White "Alpaslan, Utku"]
[Black "Galazka, Aleksander"]
[Result "1-0"]
[WhiteElo "2105"]
[BlackElo "1913"]
[EventDate "2026.04.07"]
[PlyCount "29"]

1.e4 e5 2.Nf3 Nc6 3.Bc4 f5 4.d4 fxe4 5.Nxe5 d5 6.Bb5 Qd6 7.c4 Nf6 8.cxd5 
Qxd5 9.Nc3 Bb4 10.Qa4 Qxd4 11.Bxc6+ bxc6 12.Qxc6+ Nd7 13.Qe6+ Be7 14.Qf7+ 
Kd8 15.Nc6# 1-0

[Event "26th EUR-ch"]
[Site "Katowice POL"]
[Date "2026.04.15"]
[Round "8.209"]
[White "Triger, Eitan"]
[Black "Truchel, Tomasz"]
[Result "1-0"]
[WhiteElo "2095"]
[BlackElo "1698"]
[EventDate "2026.04.07"]
[PlyCount "115"]

1.e4 e5 2.Nf3 Nc6 3.Bb5 a6 4.Ba4 b5 5.Bb3 Bc5 6.O-O d6 7.c3 Bg4 8.h3 Bh5 
9.Re1 Nf6 10.d3 h6 11.Nbd2 O-O 12.Nf1 a5 13.a4 b4 14.Ng3 Bg6 15.Bc4 Rb8 
16.Nh2 Nh7 17.Qg4 Kh8 18.h4 Ne7 19.Nf3 f5 20.exf5 Bxf5 21.Nxf5 Nxf5 22.d4 
bxc3 23.bxc3 exd4 24.cxd4 Bb4 25.Re2 Ne7 26.Bd3 Nf6 27.Qe6 Ned5 28.Qf5 Qc8
29.Re6 Re8 30.Rxe8+ Qxe8 31.Ra2 Qh5 32.Qxh5 Nxh5 33.Rc2 Nhf6 34.Bb2 Re8 
35.Bc4 Kg8 36.Ne5 Kh8 37.Nd3 Rb8 38.g3 Nb6 39.Bb5 Nfd5 40.Nxb4 axb4 41.a5 
Nc8 42.Bc4 Nde7 43.Be6 c6 44.d5 c5 45.Rc4 Ng6 46.h5 Ne5 47.Bxe5 dxe5 48.
Rxc5 Nd6 49.Rc6 b3 50.Rxd6 e4 51.Bf5 b2 52.Bxe4 b1=Q+ 53.Bxb1 Rxb1+ 54.Kg2
Ra1 55.a6 Kg8 56.Rb6 Kf7 57.Rb7+ Kf6 58.a7 1-0

[Event "26th EUR-ch"]
[Site "Katowice POL"]
[Date "2026.04.15"]
[Round "8.211"]
[White "Gawronski, Michal"]
[Black "Sertbay, Huseyin"]
[Result "0-1"]
[WhiteElo "1717"]
[BlackElo "2171"]
[EventDate "2026.04.07"]
[PlyCount "92"]

1.d4 Nf6 2.Nf3 d5 3.Bf4 c5 4.e3 Nc6 5.Nbd2 e6 6.c3 Nh5 7.Be5 f6 8.Nh4 g6 
9.Bg3 Bg7 10.Bd3 Nxg3 11.hxg3 e5 12.g4 e4 13.Be2 cxd4 14.cxd4 Be6 15.Nb3 
O-O 16.Nc5 Bc8 17.f4 exf3 18.Bxf3 Re8 19.Qb3 Nxd4 20.Qxd5+ Qxd5 21.Bxd5+ 
Kf8 22.Kf2 Nc2 23.Rac1 Nxe3 24.Bb3 Nxg4+ 25.Kg3 b6 26.Bd5 Rb8 27.Ne4 f5 
28.Nf3 fxe4 29.Ng5 Be5+ 30.Kh4 Bf5 31.Rc6 Ne3 32.g4 Ng2+ 33.Kh3 Nf4+ 34.
Kh4 Bd7 35.Bxe4 Bxc6 36.Bxc6 Re7 37.Rf1 Kg7 38.Ne4 Rc8 39.Bb5 Rc2 40.g5 
Ng2+ 41.Kh3 Ne3 42.Rh1 Rf7 43.Nf6 Bxf6 44.gxf6+ Rxf6 45.Kg3 Rg2+ 46.Kh4 
g5+ 0-1

[Event "26th EUR-ch"]
[Site "Katowice POL"]
[Date "2026.04.15"]
[Round "8.212"]
[White "Kaplanova, Dominika"]
[Black "Helis, Tadeusz"]
[Result "1/2-1/2"]
[WhiteElo "1869"]
[BlackElo "2141"]
[EventDate "2026.04.07"]
[PlyCount "192"]

1.Nf3 d5 2.g3 Nf6 3.Bg2 c5 4.c4 e6 5.cxd5 exd5 6.d4 Nc6 7.O-O Be7 8.Nc3 
O-O 9.dxc5 Bxc5 10.Bg5 Be6 11.Rc1 Be7 12.Nd4 Nxd4 13.Qxd4 Qa5 14.Qa4 Qxa4 
15.Nxa4 Rac8 16.Rfd1 Rc6 17.Nc3 Rfc8 18.Bxf6 Bxf6 19.Bxd5 Bxd5 20.Rxd5 h6 
21.Rd7 Rb6 22.Rc2 a5 23.Rd5 a4 24.Ra5 Rb4 25.Kf1 Rc6 26.a3 Rbc4 27.Rd2 
Bxc3 28.bxc3 Rxc3 29.Rxa4 Ra6 30.Rb4 Rcxa3 31.Rxb7 g5 32.Kg2 Kg7 33.e4 Ra2
34.Rxa2 Rxa2 35.h4 gxh4 36.gxh4 Rc2 37.Kg3 Re2 38.f3 Re1 39.Rb2 Kf6 40.Rg2
Rh1 41.Rh2 Rg1+ 42.Kf4 Re1 43.Rh3 Ke6 44.Kg4 Kf6 45.Rg3 Kg6 46.Rg2 Rh1 47.
f4 Re1 48.e5 Rf1 49.h5+ Kg7 50.Kf5+ Kf8 51.Ra2 Kg7 52.Ra7 Re1 53.Re7 Ra1 
54.e6 Ra5+ 55.Kg4 Kf6 56.Rxf7+ Kxe6 57.Rh7 Kf6 58.Rxh6+ Kg7 59.Rg6+ Kf7 
60.Rg5 Ra1 61.Rb5 Rh1 62.Kg5 Rg1+ 63.Kf5 Rf1 64.Rb7+ Kf8 65.Kg5 Kg8 66.f5 
Rf2 67.Kf6 Rf1 68.h6 Rf2 69.Re7 Rf1 70.Re5 Ra1 71.Re8+ Kh7 72.Kf7 Ra5 73.
f6 Ra6 74.Re6 Ra8 75.Re2 Rb8 76.Ke7 Rb7+ 77.Ke6 Rb6+ 78.Kf7 Rb8 79.Re8 Rb6
80.Rd8 Kxh6 81.Ke7 Rb7+ 82.Rd7 Rb8 83.Kf7 Ra8 84.Re7 Rb8 85.Ra7 Kh7 86.Rd7
Ra8 87.Rd6 Rb8 88.Rd5 Rb7+ 89.Ke6 Kg6 90.Rd6 Ra7 91.Ke5 Ra5+ 92.Ke4 Rb5 
93.Rc6 Ra5 94.Kd4 Rf5 95.Kc4 Rxf6 96.Rxf6+ Kxf6 1/2-1/2

[Event "26th EUR-ch"]
[Site "Katowice POL"]
[Date "2026.04.15"]
[Round "8.213"]
[White "Rajbharath, Harjith"]
[Black "Zelak, Wladyslaw"]
[Result "1/2-1/2"]
[WhiteElo "2132"]
[BlackElo "1867"]
[EventDate "2026.04.07"]
[PlyCount "84"]

1.d4 Nf6 2.c4 e6 3.Nc3 Bb4 4.e3 c5 5.Ne2 cxd4 6.exd4 d5 7.c5 O-O 8.a3 
Bxc3+ 9.Nxc3 b6 10.b4 a5 11.Be3 axb4 12.axb4 Rxa1 13.Qxa1 Nc6 14.Qa4 Nxd4 
15.Bxd4 e5 16.Bxe5 Qe7 17.f4 d4 18.Nd1 Ng4 19.Qa2 Nxe5 20.fxe5 Qxe5+ 21.
Qe2 Qg5 22.c6 Bg4 23.Qe4 Bf5 24.Qe5 d3 25.h4 Qc1 26.Qxf5 Re8+ 27.Kf2 Qxd1 
28.Qxd3 Qe1+ 29.Kf3 Qxb4 30.Qc4 Qe7 31.Qd4 Rd8 32.Qe4 Qf6+ 33.Kg3 h5 34.
Be2 Rd4 35.Qf3 Rg4+ 36.Kf2 Rf4 37.Rd1 Qxh4+ 38.Kg1 Rxf3 39.Bxf3 Qc4 40.Rd7
Qe6 41.Bd5 Qe1+ 42.Kh2 Qh4+ 1/2-1/2

[Event "26th EUR-ch"]
[Site "Katowice POL"]
[Date "2026.04.15"]
[Round "8.214"]
[White "Pietrzak, Wojciech"]
[Black "Atienza Alvarez, Javier"]
[Result "0-1"]
[WhiteElo "1854"]
[BlackElo "2127"]
[EventDate "2026.04.07"]
[PlyCount "86"]

1.e4 e6 2.d4 d5 3.Nc3 Nf6 4.e5 Nfd7 5.f4 c5 6.Nf3 Nc6 7.Be3 Be7 8.Qd2 a6 
9.dxc5 Nxc5 10.a3 O-O 11.Qf2 b6 12.b4 Nd7 13.Bd3 f6 14.Qh4 g6 15.Qh3 f5 
16.Ne2 a5 17.b5 Ncb8 18.O-O Nc5 19.Ned4 Qe8 20.a4 Bb7 21.Qh6 Nbd7 22.Be2 
Rc8 23.Ne1 Rf7 24.Rf3 Bf8 25.Qh3 Ne4 26.g4 Bb4 27.gxf5 gxf5 28.Kh1 Rg7 29.
Ng2 Bc3 30.Rg1 Bxd4 31.Bxd4 Rxc2 32.Bd3 Rd2 33.Bxe4 dxe4 34.Rg3 Rxd4 35.
Ne3 Rg6 36.Qh6 Nf8 37.h4 Qe7 38.Rg5 Qg7 39.Qh5 Rd2 40.R1g3 Kf7 41.Rxf5+ 
exf5 42.Nxf5 e3+ 43.Kg1 Kg8 0-1

[Event "26th EUR-ch"]
[Site "Katowice POL"]
[Date "2026.04.15"]
[Round "8.215"]
[White "Tashkinova, Sofiia"]
[Black "Trybus, Dominika"]
[Result "1-0"]
[WhiteElo "2105"]
[BlackElo "1843"]
[EventDate "2026.04.07"]
[PlyCount "93"]

1.e4 c5 2.Nf3 e6 3.d4 cxd4 4.Nxd4 Nc6 5.a3 a6 6.Be3 Nf6 7.Nc3 Be7 8.Be2 
Qc7 9.Qd2 Nxd4 10.Bxd4 Qa5 11.Rd1 e5 12.Be3 O-O 13.g4 d6 14.g5 Ne8 15.h4 
b5 16.f3 Be6 17.h5 Qd8 18.Bd3 f5 19.exf5 Bxf5 20.g6 Bh4+ 21.Ke2 hxg6 22.
Bxf5 gxf5 23.Qd5+ Kh8 24.Rxh4 Nc7 25.Qxd6 Qxh4 26.Qxc7 Qh2+ 27.Bf2 Qxh5 
28.Rg1 Qh6 29.Be3 f4 30.Bf2 Rac8 31.Qe7 Kg8 32.Kd1 Rfe8 33.Qb7 Rb8 34.Qd5+
Kh8 35.Kc1 Rbd8 36.Qb7 Rb8 37.Qf7 Re6 38.Rg4 g5 39.Ne4 Rf8 40.Qd7 Rg6 41.
Bc5 Rfg8 42.Bd6 Qh1+ 43.Kd2 Qxf3 44.Bxe5+ R8g7 45.Bxg7+ Rxg7 46.Qe8+ Kh7 
47.Nf6+ 1-0

[Event "26th EUR-ch"]
[Site "Katowice POL"]
[Date "2026.04.15"]
[Round "8.216"]
[White "Wojtowicz, Marek"]
[Black "Gikas, Andreas Basilius"]
[Result "1/2-1/2"]
[WhiteElo "1836"]
[BlackElo "2072"]
[EventDate "2026.04.07"]
[PlyCount "103"]

1.e4 c5 2.Nc3 e6 3.Nge2 Nf6 4.g3 b5 5.Bg2 Bb7 6.d3 b4 7.Na4 d5 8.e5 Ng4 9.
f4 Qd7 10.b3 h5 11.Ng1 g6 12.h3 Nh6 13.g4 Nc6 14.Nf3 Rg8 15.Ng5 Rh8 16.Be3
Nd4 17.Rc1 Bc6 18.Nb2 Nb5 19.Na4 d4 20.Ne4 Bxe4 21.Bxe4 Rc8 22.Bf2 Ng8 23.
Qf3 Ne7 24.Bh4 hxg4 25.hxg4 Bg7 26.Kd2 Nd5 27.Rce1 Nbc3 28.Nxc3 Nxc3 29.f5
gxf5 30.Bxf5 Qc6 31.Be4 Bh6+ 32.g5 Nxe4+ 33.Rxe4 Bg7 34.Rf1 Rc7 35.Qg4 Rg8
36.Kd1 Bf8 37.Qh5 Rg6 38.Qh8 Re7 39.Rf6 Qb7 40.Rxg6 fxg6 41.Qg8 Rg7 42.
Qxe6+ Be7 43.Bg3 Qd7 44.Qxd7+ Kxd7 45.e6+ Kc6 46.Be5 Rh7 47.Bf6 Kd6 48.Re2
Rh1+ 49.Kd2 Rf1 50.Be5+ Kd5 51.Bf6 Kd6 52.Be5+ 1/2-1/2

[Event "26th EUR-ch"]
[Site "Katowice POL"]
[Date "2026.04.15"]
[Round "8.217"]
[White "Zuqanov, Ali"]
[Black "Pyrek, Marcin"]
[Result "0-1"]
[WhiteElo "2015"]
[BlackElo "1854"]
[EventDate "2026.04.07"]
[PlyCount "78"]

1.e4 e6 2.d4 d5 3.Nd2 c5 4.Ngf3 cxd4 5.Nxd4 Nc6 6.Bb5 Bd7 7.Nxc6 bxc6 8.
Bd3 Bd6 9.Qe2 Qc7 10.b3 Nf6 11.Bb2 dxe4 12.Nxe4 Nxe4 13.Bxe4 Be5 14.O-O-O 
Rd8 15.Qh5 Bxb2+ 16.Kxb2 c5 17.Rhe1 c4 18.Re3 g6 19.Qg5 cxb3 20.Rc3 bxc2 
21.Rxd7 Qxc3+ 22.Kxc3 Rc8+ 23.Kb4 Kxd7 24.Qc1 a5+ 25.Ka3 Rc3+ 26.Kb2 Rhc8 
27.Qd2+ Ke7 28.Kc1 f5 29.Bb7 R8c7 30.Qd4 R3c5 31.Qg7+ Kd6 32.Qd4+ Ke7 33.
Qg7+ Kd6 34.Qd4+ Ke7 35.f4 Rc4 36.Qg7+ Kd6 37.Qe5+ Kd7 38.a3 Rxb7 39.Qg7+ 
Kc6 0-1

[Event "26th EUR-ch"]
[Site "Katowice POL"]
[Date "2026.04.15"]
[Round "8.218"]
[White "Karpov, Vladyslav"]
[Black "Radzikowski, Dawid"]
[Result "1/2-1/2"]
[WhiteElo "1827"]
[BlackElo "2007"]
[EventDate "2026.04.07"]
[PlyCount "93"]

1.Nf3 f5 2.g3 Nf6 3.Bg2 e6 4.O-O Bc5 5.d4 Bb6 6.c4 d6 7.Qc2 c5 8.dxc5 dxc5
9.Rd1 Qe7 10.Bf4 Bc7 11.Bxc7 Qxc7 12.Nc3 a6 13.Qd2 O-O 14.Qd6 Qxd6 15.Rxd6
Ne8 16.Rd2 Nc6 17.Na4 e5 18.Nxc5 e4 19.Nd4 Ne5 20.b3 b6 21.Na4 Rb8 22.Rad1
Bd7 23.Nc3 Nf6 24.Nc2 Be6 25.Rd6 Rfe8 26.Nd4 Bd7 27.Bh3 Nf7 28.Rxd7 Nxd7 
29.Bxf5 Nf6 30.Nc6 Rb7 31.Nb4 g6 32.Bh3 a5 33.Nbd5 Nxd5 34.Rxd5 e3 35.f4 
Rd8 36.Bg2 Rbb8 37.Rxd8+ Rxd8 38.Bd5 Kg7 39.Kg2 Nd6 40.g4 h5 41.h3 hxg4 
42.hxg4 b5 43.Kf3 bxc4 44.bxc4 Nxc4 45.Bxc4 Rc8 46.Bb5 Rxc3 47.a4 1/2-1/2

[Event "26th EUR-ch"]
[Site "Katowice POL"]
[Date "2026.04.15"]
[Round "8.219"]
[White "Stierhof, Michael"]
[Black "Was, Stanislaw"]
[Result "1/2-1/2"]
[WhiteElo "1993"]
[BlackElo "1807"]
[EventDate "2026.04.07"]
[PlyCount "76"]

1.e4 c6 2.d4 d5 3.e5 c5 4.dxc5 e6 5.Nf3 Bxc5 6.Nc3 Bd7 7.Bd3 Ne7 8.O-O Ng6
9.a3 Nc6 10.Qe2 Qb8 11.Be3 Bxe3 12.Qxe3 Ncxe5 13.Nxe5 Nxe5 14.f4 Nxd3 15.
Qxd3 Qd6 16.Qd4 Qb6 17.Qxb6 axb6 18.f5 O-O 19.f6 g6 20.Rae1 Rac8 21.Rf2 
Rc4 22.Na2 Rc5 23.c3 Re8 24.Re5 Bb5 25.Rd2 Rd8 26.Nb4 Kf8 27.Nc2 Ke8 28.
Nd4 Bc6 29.Kf2 Kd7 30.Rd3 Kd6 31.Rde3 Bd7 32.Ke2 h6 33.Kd2 g5 34.h4 Rg8 
35.hxg5 hxg5 36.Nf3 Rg6 37.Rxg5 Rxf6 38.Rg7 Rf5 1/2-1/2

[Event "26th EUR-ch"]
[Site "Katowice POL"]
[Date "2026.04.15"]
[Round "8.220"]
[White "Biela, Jan"]
[Black "Malecki, Rafal"]
[Result "0-1"]
[WhiteElo "1806"]
[BlackElo "1992"]
[EventDate "2026.04.07"]
[PlyCount "82"]

1.e4 d6 2.d4 g6 3.Be3 Nf6 4.Nc3 c6 5.Qd2 Nbd7 6.O-O-O b5 7.e5 b4 8.exf6 
bxc3 9.Qxc3 Nxf6 10.Be2 Bg7 11.Bf3 O-O 12.h3 Bd7 13.g4 Rb8 14.Qd2 Qb6 15.
b3 Qa6 16.Kb1 Rb6 17.Bh6 Bxh6 18.Qxh6 Rfb8 19.Ne2 Be6 20.Nc1 Qa3 21.Qd2 a5
22.Qc3 a4 23.Qb2 Qb4 24.Rd3 Qa5 25.Qc3 Qa6 26.g5 Ne8 27.Bg4 Bd5 28.Bf3 Bc4
29.Re3 e6 30.Be2 d5 31.Bxc4 dxc4 32.Re5 Nd6 33.Qa5 Qb7 34.Qxa4 c5 35.dxc5 
Ra6 36.Qxa6 Qxa6 37.cxd6 Qa3 38.d7 c3 39.Nd3 Ra8 40.d8=Q+ Rxd8 41.Re4 Rxd3
0-1

[Event "26th EUR-ch"]
[Site "Katowice POL"]
[Date "2026.04.15"]
[Round "8.221"]
[White "Dovzhenko, Oleksandr"]
[Black "Demiroz, Alp"]
[Result "1/2-1/2"]
[WhiteElo "1990"]
[BlackElo "1762"]
[EventDate "2026.04.07"]
[PlyCount "57"]

1.e4 c5 2.b4 cxb4 3.a3 d5 4.exd5 Nf6 5.Bb5+ Bd7 6.Bc4 Qc7 7.Qe2 g6 8.Bb2 
Bg7 9.Be5 Qb6 10.axb4 O-O 11.c3 Rc8 12.Nf3 Bg4 13.d3 Nbd7 14.Bd4 Qd6 15.h3
Bxf3 16.Qxf3 Nb6 17.Bxb6 axb6 18.Rxa8 Rxa8 19.O-O Rd8 20.Na3 Nxd5 21.Nb5 
Qd7 22.Ra1 e6 23.Ra7 Qc6 24.Nd4 Bxd4 25.cxd4 Nxb4 26.Qf6 Qd7 27.Rxb7 Qxb7 
28.Qxd8+ Kg7 29.Qd6 1/2-1/2

[Event "26th EUR-ch"]
[Site "Katowice POL"]
[Date "2026.04.15"]
[Round "8.222"]
[White "Hrckova, Anna"]
[Black "Malinowski, Damian"]
[Result "0-1"]
[WhiteElo "1779"]
[BlackElo "1984"]
[EventDate "2026.04.07"]
[PlyCount "74"]

1.e4 c6 2.d4 d5 3.exd5 cxd5 4.Bd3 Nc6 5.c3 Qc7 6.h3 Nf6 7.Nf3 g6 8.Qc2 Bg7
9.O-O O-O 10.Re1 Nh5 11.Be3 Bd7 12.Nbd2 Rad8 13.Nf1 Rfe8 14.Rad1 a6 15.Bd2
e5 16.dxe5 Nxe5 17.Nd4 Nc4 18.Bg5 Rc8 19.Be2 Nf4 20.Bf3 Rxe1 21.Rxe1 Ne6 
22.Nxe6 Bxe6 23.Rd1 Qa5 24.Bc1 Ne5 25.Nh2 Qxa2 26.Bf4 Nc4 27.Bc1 Ne5 28.
Bf4 Nxf3+ 29.Nxf3 Bxc3 30.Rc1 Qxb2 31.Qxb2 Bxb2 32.Rb1 Bg7 33.Rxb7 Ra8 34.
Ng5 a5 35.Nxe6 fxe6 36.Bd6 a4 37.Ba3 d4 0-1

[Event "26th EUR-ch"]
[Site "Katowice POL"]
[Date "2026.04.15"]
[Round "8.223"]
[White "Babinska, Liwia"]
[Black "Rozhok, Oleksii"]
[Result "1/2-1/2"]
[WhiteElo "1763"]
[BlackElo "1979"]
[EventDate "2026.04.07"]
[PlyCount "73"]

1.e4 c5 2.Nf3 d6 3.d4 cxd4 4.Nxd4 Nf6 5.Nc3 a6 6.Bg5 e6 7.f4 Qb6 8.Qd2 
Qxb2 9.Rb1 Qa3 10.f5 Nc6 11.fxe6 fxe6 12.Nxc6 bxc6 13.Be2 Qa5 14.O-O Be7 
15.Nd5 Qxd2 16.Nxf6+ Bxf6 17.Bxd2 O-O 18.Be3 Bd7 19.Rb7 Be8 20.Bg4 Bf7 21.
Rfb1 e5 22.Rc7 c5 23.Rbb7 Bxa2 24.Bf5 h6 25.Bg6 Bc4 26.g4 Rab8 27.Ra7 Rb1+
28.Kg2 Rbb8 29.g5 hxg5 30.Bxg5 Ra8 31.Bxf6 Rxa7 32.Rxa7 gxf6 33.h4 d5 34.
h5 dxe4 35.h6 Kh8 36.Rh7+ Kg8 37.Rg7+ 1/2-1/2

[Event "26th EUR-ch"]
[Site "Katowice POL"]
[Date "2026.04.15"]
[Round "8.224"]
[White "Klementys, Jerzy"]
[Black "Modzelewski, Filip"]
[Result "0-1"]
[WhiteElo "1734"]
[BlackElo "1971"]
[EventDate "2026.04.07"]
[PlyCount "76"]

1.d4 Nf6 2.c4 g6 3.Nc3 Bg7 4.e4 d6 5.Nf3 O-O 6.Be2 e5 7.Be3 Na6 8.h3 exd4 
9.Nxd4 Re8 10.f3 c6 11.O-O d5 12.cxd5 cxd5 13.Bxa6 bxa6 14.Bg5 Qb6 15.Kh1 
dxe4 16.Bxf6 Qxf6 17.Nde2 exf3 18.Rxf3 Qh4 19.Qd5 Be6 20.Qd3 Bc4 21.Qc2 
Rac8 22.Qa4 Qg5 23.Ng3 Red8 24.Rd1 Rxd1+ 25.Qxd1 Rd8 26.Qa4 Be6 27.Qxa6 
Qc1+ 28.Rf1 Qxb2 29.Nce4 Qxa2 30.Qb7 Qd5 31.Qxa7 Be5 32.Nf6+ Bxf6 33.Rxf6 
Bxh3 34.Qf2 Be6 35.Rf4 Qe5 36.Re4 Rd1+ 37.Kh2 Qg5 38.Qe2 Qh6+ 0-1

[Event "26th EUR-ch"]
[Site "Katowice POL"]
[Date "2026.04.15"]
[Round "8.225"]
[White "Amiridou, Dimitra"]
[Black "Gospodarczyk, Wlodzimierz"]
[Result "1-0"]
[WhiteElo "1965"]
[BlackElo "1730"]
[EventDate "2026.04.07"]
[PlyCount "85"]

1.e4 e5 2.Nf3 d6 3.d4 exd4 4.Nxd4 Nf6 5.Nc3 Be7 6.Bf4 O-O 7.Qd2 Re8 8.
O-O-O Bf8 9.f3 Nc6 10.g4 Nxd4 11.Qxd4 Be6 12.h4 Nd7 13.h5 Ne5 14.Qf2 Qc8 
15.g5 g6 16.Bxe5 dxe5 17.hxg6 fxg6 18.Qh4 h5 19.gxh6 Kh7 20.Bh3 Bxh3 21.
Rxh3 c6 22.Rg1 Re6 23.Kb1 Qe8 24.Rd1 Rd6 25.Rf1 Qe7 26.Qg4 Qe6 27.Qg3 Rad8
28.Rhh1 Qf7 29.f4 Rf6 30.f5 gxf5 31.Qxe5 f4 32.Qg5 Re8 33.Rh3 f3 34.Qe3 f2
35.Nd1 Qd7 36.Rhh1 b6 37.Nxf2 Bc5 38.Qe2 Bxf2 39.Rxf2 Rxh6 40.Rhf1 Re7 41.
e5 Qe6 42.Qe4+ Kg7 43.Rg1+ 1-0

[Event "26th EUR-ch"]
[Site "Katowice POL"]
[Date "2026.04.15"]
[Round "8.226"]
[White "Levytskyi, Liubomyr"]
[Black "Wolynski, Antoni"]
[Result "1-0"]
[WhiteElo "1959"]
[BlackElo "1667"]
[EventDate "2026.04.07"]
[PlyCount "79"]

1.e4 c5 2.Nf3 e6 3.d4 cxd4 4.Nxd4 a6 5.Bd3 Nc6 6.Nxc6 dxc6 7.Bf4 Nf6 8.O-O
Be7 9.Qf3 c5 10.Rd1 Qb6 11.Nd2 Qc6 12.Nc4 b5 13.Ne5 Qb6 14.c4 Bb7 15.b3 
Rd8 16.cxb5 axb5 17.a4 Rxd3 18.Qxd3 c4 19.bxc4 Bxe4 20.Qb3 b4 21.a5 Qb7 
22.a6 Qa8 23.Qa4+ Kf8 24.a7 Bxg2 25.Qb5 g5 26.Qb8+ Kg7 27.Qxa8 Bxa8 28.Be3
Ne4 29.Nd7 Bf6 30.Nxf6 Kxf6 31.Rdb1 Kf5 32.Rxb4 Nc3 33.Rb8 Bf3 34.Rxh8 
Ne2+ 35.Kf1 Ng3+ 36.hxg3 Kg4 37.a8=Q Bxa8 38.Rhxa8 f5 39.Kg2 f4 40.f3+ 1-0

[Event "26th EUR-ch"]
[Site "Katowice POL"]
[Date "2026.04.15"]
[Round "8.227"]
[White "Destic, Elena"]
[Black "Krawczyk, Marcin"]
[Result "1-0"]
[WhiteElo "1953"]
[BlackElo "1663"]
[EventDate "2026.04.07"]
[PlyCount "81"]

1.e4 e5 2.Nf3 Nc6 3.d4 exd4 4.Nxd4 Nf6 5.Bb5 Bc5 6.Nb3 Bb6 7.Nc3 O-O 8.O-O
h6 9.Bf4 d6 10.h3 Bd7 11.Re1 Re8 12.Qd2 Ne5 13.Bxd7 Qxd7 14.Nd5 Nxd5 15.
Qxd5 Re6 16.Bg3 Rg6 17.Kh2 Re8 18.Rad1 Rg5 19.Qd2 Rh5 20.Qe2 g6 21.Nd4 
Ng4+ 22.Kg1 Nf6 23.Qf3 Nh7 24.Nf5 Ng5 25.Qg4 Ne6 26.Ne3 Rg5 27.Qe2 Nd4 28.
Qd3 Rh5 29.Nd5 Rxd5 30.exd5 Rxe1+ 31.Rxe1 Nf5 32.Bh2 Qa4 33.g4 Nd4 34.c3 
Nb5 35.Re4 Qxa2 36.Re8+ Kg7 37.Qxb5 Qb1+ 38.Kg2 a6 39.Qe2 Qa2 40.c4 Qb3 
41.Rc8 1-0

[Event "26th EUR-ch"]
[Site "Katowice POL"]
[Date "2026.04.15"]
[Round "8.228"]
[White "Adamczyk, Zuzanna"]
[Black "Szymura, Oliwia"]
[Result "1-0"]
[WhiteElo "1950"]
[BlackElo "1517"]
[EventDate "2026.04.07"]
[PlyCount "47"]

1.d4 d5 2.c4 e6 3.Nf3 Nf6 4.g3 dxc4 5.Qa4+ Nc6 6.Qxc4 Bb4+ 7.Bd2 Qd5 8.Qd3
Ne4 9.Nc3 Bxc3 10.Bxc3 g5 11.h3 Qf5 12.d5 exd5 13.Bxh8 f6 14.g4 Qe6 15.Bg2
Bd7 16.Nd4 Nxd4 17.Qxd4 Kf7 18.Bxe4 dxe4 19.Bxf6 Qxf6 20.Qxd7+ Kg8 21.Qd5+
Kh8 22.O-O-O Qxf2 23.Qd4+ Qxd4 24.Rxd4 1-0

[Event "26th EUR-ch"]
[Site "Katowice POL"]
[Date "2026.04.15"]
[Round "8.229"]
[White "Szczypka, Sebastian"]
[Black "Czyz, Andrzej"]
[Result "1/2-1/2"]
[WhiteElo "1719"]
[BlackElo "1936"]
[EventDate "2026.04.07"]
[PlyCount "157"]

1.e4 e5 2.Nf3 Nf6 3.Nxe5 d6 4.Nf3 Nxe4 5.d4 d5 6.Bd3 Bd6 7.O-O O-O 8.c4 c6
9.cxd5 cxd5 10.Nc3 Nxc3 11.bxc3 h6 12.Re1 Nd7 13.Bc2 Re8 14.Rxe8+ Qxe8 15.
Qd3 Nf6 16.Bd2 Qe4 17.Re1 Qxd3 18.Bxd3 Be6 19.Rb1 b6 20.a4 Rc8 21.a5 bxa5 
22.Rb7 Bb8 23.Ba6 Ne4 24.Rb5 Rd8 25.Kf1 Nxd2+ 26.Nxd2 Bc7 27.Nb3 Bf5 28.
Nc5 Rd6 29.Rb7 Bb6 30.Bb5 g5 31.f3 h5 32.h3 h4 33.Kf2 Rd8 34.g4 hxg3+ 35.
Kxg3 Rc8 36.Nd7 Bxd7 37.Rxd7 Rxc3 38.Rxd5 f6 39.Kg4 Kf7 40.Rd7+ Ke6 41.d5+
Ke5 42.Bc6 Rc4+ 43.Kg3 f5 44.Re7+ Kd6 45.Rg7 Rc1 46.h4 gxh4+ 47.Kxh4 a4 
48.Rg2 a3 49.Ra2 Rc3 50.f4 Bd8+ 51.Kh5 Rg3 52.Be8 Ke7 53.Re2+ Kf6 54.Kh4 
Rb3 55.Rh2 Rb2 56.Rh1 a2 57.Ra1 Bc7 58.Kg3 Rb3+ 59.Kg2 Ra3 60.Bb5 Bxf4 61.
Bc4 Rc3 62.Bxa2 Rc2+ 63.Kf1 Be5 64.Bb3 Bxa1 65.Bxc2 Ke5 66.d6 Ke6 67.d7 
Bf6 68.Ke2 f4 69.Kf3 Ke5 70.Ba4 a5 71.Bb5 Bd8 72.Ba4 Bg5 73.Bb5 Bd8 74.Ba4
Bc7 75.Bb5 Kd6 76.d8=Q+ Bxd8 77.Kxf4 Kc5 78.Be8 Bc7+ 79.Ke4 1/2-1/2